书目信息 |
| 题名: |
新居软装饰艺术
|
|
| 作者: | 沈蔚 编撰 | |
| 分册: | ||
| 出版信息: | 上海 上海科学技术文献出版社 2000 |
|
| 页数: | 78页 | |
| 开本: | 26cm | |
| 丛书名: | ||
| 单 册: | ||
| 中图分类: | J523.1 | |
| 科图分类: | ||
| 主题词: | 家用织物--室内装饰 | |
| 电子资源: | ||
| ISBN: | 7-5439-1504-9 | |
| 000 | 00775nam0 2200217 45 | |
| 001 | 012000007393 | |
| 005 | 20050323100256.7 | |
| 010 | @a7-5439-1504-9@dCNY28.00 | |
| 100 | @a20000213d2000 em y0chiy0121 ea | |
| 101 | 0 | @achi |
| 102 | @aCN@b310000 | |
| 105 | @aa z 000yy | |
| 200 | 1 | @a新居软装饰艺术@Axin ju ruan zhuang shi yi shu@f沈蔚编撰@FShen Wei Bian Zhuan |
| 210 | @a上海@c上海科学技术文献出版社@d2000 | |
| 215 | @a78页@d26cm | |
| 330 | @a本书主要内容包括室内软装饰与硬装潢的配合;室内软装饰的视觉艺术效果;室内软装饰重在配套设计;用音乐感指导软装饰艺术设计;软装饰艺术设计中的对比手法;室内装饰织物选配实例等。 | |
| 606 | @a家用织物@x室内装饰 | |
| 690 | @aJ523.1@v4 | |
| 701 | 0 | @a沈蔚@4编撰 |
| 801 | 0 | @aCN@bNLC@c20000221 |
| 905 | @b345493-496@dJ523.1@e107@f4 | |
| 新居软装饰艺术/沈蔚编撰.-上海:上海科学技术文献出版社,2000 |
| 78页;26cm |
| ISBN 7-5439-1504-9:CNY28.00 |
| 本书主要内容包括室内软装饰与硬装潢的配合;室内软装饰的视觉艺术效果;室内软装饰重在配套设计;用音乐感指导软装饰艺术设计;软装饰艺术设计中的对比手法;室内装饰织物选配实例等。 |
| ● |
| 相关链接 |
|
|
|
|
正题名:新居软装饰艺术
索取号:J523.1/107
 
预约/预借
| 序号 | 登录号 | 条形码 | 馆藏地/架位号 | 状态 | 备注 |
| 1 | 0345493 | 203454939 | 第一样本阅览室/ [索取号:J523.1/107] | 在馆 | |
| 2 | 0345494 | 203454948 | 第一借阅区/ [索取号:J523.1/107] | 在馆 | |
| 3 | 0345495 | 203454957 | 第一借阅区/ [索取号:J523.1/107] | 在馆 | |
| 4 | 0345496 | 203454966 | 第一借阅区/ [索取号:J523.1/107] | 在馆 |